000 01015nam a2200217 u 4500
001 000023200
005 20200930022044.0
008 101130s1967 dr a r 000 0 spa d
040 _aDO-SdBNP
_bspa
_cBNPHU
082 _aXXX
_bP461m, 1967
100 1 _aPerroy, Edouard
_947757
240 1 3 _aLe moyen âge. L´Orient et le naissance de la Civilisation Occidentale.
_lEspañol.
245 1 3 _aLa edad media :
_bla expansión del oriente y el naacimiento de la civilización occidental /
_cEdouard Perroy ; con la colaboración de Jeannine Auboyer, Claude Cahen, Georges Duby y Michel Mollat ; traducción española de Eduardo Ripoll Perelló.
250 _a2a ed.
260 _aBarcelona :
_bDestino,
_c1967.
300 _av.3 :
_bil. ;
_c23 cm.
500 _aLa biblioteca posee el volumen 3.
504 _aIncluye referencias bibliográficas y notas al pie de las páginas.
534 _aTítulo de la edición original:
_tLe moyen âge. L´Orient et le naissance de la Civilisation Occidentale.
049 _aBNGR
999 _c22697
_d22697